ბათუმის შოთა რუსთაველის სახელმწიფო უნივერსიტეტის ბიბლიოთეკა

სკოლის დირექტორის პრაქტიკული გზამკვლევი. (ბიბ.ჩანაწერი № 43873)

000 -LEADER
fixed length control field 01288nam a2200241Ia 4500
001 - CONTROL NUMBER
control field 10622
003 - CONTROL NUMBER IDENTIFIER
control field GE_BSU
008 - FIXED-LENGTH DATA ELEMENTS--GENERAL INFORMATION
fixed length control field 181216s||||||||xx |||||||||||||| ||und||
020 ## - INTERNATIONAL STANDARD BOOK NUMBER
International Standard Book Number 9789941036644
040 ## - CATALOGING SOURCE
Transcribing agency GE_BSU
080 ## - UNIVERSAL DECIMAL CLASSIFICATION NUMBER
Universal Decimal Classification number 371.113.1+371.1
100 ## - MAIN ENTRY--PERSONAL NAME
Personal name ჩაჩხიანი,ქეთევან; კობახიძე,მაგდა; გაბაშვილი,მარიამ.
245 ## - TITLE STATEMENT
Title სკოლის დირექტორის პრაქტიკული გზამკვლევი.
245 ## - TITLE STATEMENT
Statement of responsibility, etc. რედ:მაია ინასარიძე, ნინო ელბაქიძე; წინათქმა:გია მამულაშვილი.
260 ## - PUBLICATION, DISTRIBUTION, ETC.
Place of publication, distribution, etc. თბილისი
260 ## - PUBLICATION, DISTRIBUTION, ETC.
Name of publisher, distributor, etc. მასწავლებელთა პროფ. განვითარების ეროვნ.ცენტრი
260 ## - PUBLICATION, DISTRIBUTION, ETC.
Date of publication, distribution, etc. 2011
300 ## - PHYSICAL DESCRIPTION
Extent 219გვ;24სმ.
300 ## - PHYSICAL DESCRIPTION
Other physical details დანართები:გვ.211–219. ბიბლიოგრ:გვ.209.–ავტ.მითით.თავფურ.მე–2გვ. სქ;ცხრ.
653 ## - INDEX TERM--UNCONTROLLED
Uncontrolled term სკოლის დირექტორის პრაქტიკული გზამკვლევი.
942 ## - ADDED ENTRY ELEMENTS (KOHA)
Koha item type წიგნი
ეგზემპლარები
Withdrawn status Lost status Damaged status Not for loan Date acquired Barcode Date last seen Price effective from Koha item type
        2018-12-17 34771 2018-12-17 2018-12-17 წიგნი
        2018-12-17 34772 2018-12-17 2018-12-17 წიგნი
        2018-12-17 34773 2018-12-17 2018-12-17 წიგნი
        2018-12-17 34774 2018-12-17 2018-12-17 წიგნი
        2018-12-17 34775 2018-12-17 2018-12-17 წიგნი
        2018-12-17 34776 2018-12-17 2018-12-17 წიგნი
        2018-12-17 34777 2018-12-17 2018-12-17 წიგნი
        2018-12-17 34778 2018-12-17 2018-12-17 წიგნი
        2018-12-17 34779 2018-12-17 2018-12-17 წიგნი
        2018-12-17 34780 2018-12-17 2018-12-17 წიგნი